1961 1169 1452 1205 1337 1903 1908 1584 1640 1879 1861 1383 1361 1617 1925 1998 1045 1556 1758 1498 1439 1089 1948 1078 1297 1568 1850 1621 1237 1130 1684 1045 1295 1227 1364 1148 1125 1151 1910 1661 1185 1365 1178 1247 1225 1577 1506 1639 1225 1854 1591 1393 1238 1790 1774 1356 1679 1996 1709 1273 1620 1843 1473 1927 1347 1288 1782 1655 1227 1169 1895 1961 1248 1430 1198 1892 1554 1945 1216 1726 1652 1502 1696 1455 1601 1924 1150 1069 1841 1356 1203 1858 1982 1784 1674 1761 1523 1760 1419 BCNSPRNW ULIB Ver.6.0+V

เปลี่ยนเป็นภาษาไทย

Change to English
 แสดงรายละเอียดบรรณานุกรม
  กลับหน้าหลัก

Brief Record : Get Marc (ISO 2709) : E-mail record : QR code < ปิดหน้าต่าง
LEADER : 00000nam 2200000uu 4500
001    13399110990
003     ULIB
008    110614s||||||||th 000 0 tha d
020    9748212513(ล.9)
050  4 AC159^bส631น ล.9 2543
245 00 108 ซองคำถาม.^nเล่ม 9 /^cประวิทย์ สุวณิชย์, บรรณาธิการ
250    พิมพ์ครั้งที่ 2
260    กรุงเทพฯ :^bสารคดี,^c2543
300    206 หน้า :^bภาพประกอบ
650  4 ความรู้ทั่วไป
650  4 รวมเรื่อง
650  4 คำถามและคำตอบ
700 0  ประวิทย์ สุวณิชย์
945    ^p95^l0^i015947
995    ทศพร
999 ^a ใช้งานได้ทุกระบบ
รายการนี้ยังไม่มีแท็ก
คุณยังไม่ได้ล็อกอิน คุณสามารถมีกิจกรรมร่วมกับเว็บไซต์ได้ แต่ต้องล็อกอินก่อน ::
  ล็อกอิน

รายการสื่อสารสนเทศ

ลำดับที่ ประเภท เลขเรียก/บาร์โค้ด สถานที่ สถานะ
- ไม่พบข้อมูล -

รายการใกล้เคียง
    หัวเรื่อง [ความรู้ทั่วไป]
    หัวเรื่อง [รวมเรื่อง]
    หัวเรื่อง [คำถามและคำตอบ]

BibComment


ยังไม่เคยถูกคอมเมนท์

คอมเมนท์ทรัพยากรรายการนี้
  คอมเมนท์: 108 ซองคำถาม เล่ม..


 Copyright 2026. Bcnsprnw @Library